{"text_format":"3","workbook":"xlsx","n_sheets":1,"sheets":["t518"],"read":"whole","date_system":"1900"}

{"sheet":"t518","index":0,"n_rows":182,"n_cols":7,"rows_kept":182,"merged":[[0,0,0,6],[28,0,28,5],[42,0,42,5],[150,0,150,5]]}
["TABELA 518.1 - Estatísticas Agrícolas, Município de Santa Lúcia, Estado de São Paulo, 2016/17."]
["ITEM","UNIDADE","N.DE UPAs","MÍNIMO","MÉDIO","MÁXIMO","TOTAL"]
["Distância à sede do município","km",104,0.5,15.7,{"v":40,"d":"40.0"},"-"]
["Área total","hectare",104,2.9,{"v":146.45,"d":"146.5"},{"v":1963.7,"d":"1,963.7"},{"v":15231,"d":"15,231.0"}]
["Área com cultura perene","hectare",9,{"v":1,"d":"1.0"},{"v":17.14,"d":"17.1"},{"v":100,"d":"100.0"},154.3]
["Área com cultura temporária","hectare",98,0.2,{"v":125.23,"d":"125.2"},{"v":1131.2,"d":"1,131.2"},{"v":12272.5,"d":"12,272.5"}]
["Área com pastagem","hectare",41,{"v":1,"d":"1.0"},{"v":16.94,"d":"16.9"},172.6,694.6]
["Área com reflorestamento","hectare",8,{"v":1,"d":"1.0"},{"v":7.94,"d":"7.9"},25.6,63.5]
["Área com vegetação natural","hectare",60,0.5,{"v":24.38,"d":"24.4"},{"v":509,"d":"509.0"},{"v":1462.5,"d":"1,462.5"}]
["Área com vegetação de brejo e várzea","hectare",5,1.1,{"v":12.06,"d":"12.1"},39.3,60.3]
["Área em descanso","hectare",3,0.5,{"v":4.03,"d":"4.0"},6.6,12.1]
["Área complementar","hectare",83,0.1,{"v":6.16,"d":"6.2"},50.9,511.2]
["Área das UPAs com (0, 1] ha","hectare","-","-","-","-","-"]
["Área das UPAs com (1, 2] ha","hectare","-","-","-","-","-"]
["Área das UPAs com (2, 5] ha","hectare",4,2.9,{"v":4.03,"d":"4.0"},{"v":5,"d":"5.0"},16.1]
["Área das UPAs com (5, 10] ha","hectare",11,5.6,{"v":8.35,"d":"8.4"},9.7,91.9]
["Área das UPAs com (10, 20] ha","hectare",16,12.6,{"v":15.36,"d":"15.4"},19.6,245.8]
["Área das UPAs com (20, 50] ha","hectare",22,20.7,{"v":31.21,"d":"31.2"},48.7,686.7]
["Área das UPAs com (50, 100] ha","hectare",11,57.6,{"v":79.69,"d":"79.7"},{"v":99,"d":"99.0"},876.6]
["Área das UPAs com (100, 200] ha","hectare",13,108.9,149.1,{"v":195,"d":"195.0"},{"v":1938.3,"d":"1,938.3"}]
["Área das UPAs com (200, 500] ha","hectare",23,{"v":203,"d":"203.0"},{"v":322.41,"d":"322.4"},{"v":495,"d":"495.0"},{"v":7415.4,"d":"7,415.4"}]
["Área das UPAs com (500, 1.000] ha","hectare",3,{"v":517,"d":"517.0"},665.5,{"v":935,"d":"935.0"},{"v":1996.5,"d":"1,996.5"}]
["Área das UPAs com (1.000, 2.000] ha","hectare",1,{"v":1963.7,"d":"1,963.7"},{"v":1963.7,"d":"1,963.7"},{"v":1963.7,"d":"1,963.7"},{"v":1963.7,"d":"1,963.7"}]
["Área das UPAs com (2.000, 5.000] ha","hectare","-","-","-","-","-"]
["Área das UPAs com (5.000, 10.000] ha","hectare","-","-","-","-","-"]
["Área das UPAs acima de 10.000 ha","hectare","-","-","-","-","-"]
["Fonte: Secretaria de Agricultura e Abastecimento, CDRS/IEA, Projeto LUPA."]
[]
["TABELA 518.2 - Explorações Animais, Município de Santa Lúcia, Estado de São Paulo, 2016/17."]
["ITEM","UNIDADE","N.DE UPAs","MÍNIMO","MÉDIO","MÁXIMO","TOTAL"]
["Apicultura","colmeias",2,{"v":400,"d":"400.0"},{"v":550,"d":"550.0"},{"v":700,"d":"700.0"},{"v":1100,"d":"1,100.0"}]
["Asininos e muares","cabecas",1,{"v":5,"d":"5.0"},{"v":5,"d":"5.0"},{"v":5,"d":"5.0"},{"v":5,"d":"5.0"}]
["Avicultura de corte","cabecas/ano",3,{"v":30,"d":"30.0"},{"v":25010,"d":"25,010.0"},{"v":40000,"d":"40,000.0"},{"v":75030,"d":"75,030.0"}]
["Avicultura para ovos","cabecas",1,{"v":60,"d":"60.0"},{"v":60,"d":"60.0"},{"v":60,"d":"60.0"},{"v":60,"d":"60.0"}]
["Bovinocultura de corte","cabecas",7,{"v":20,"d":"20.0"},{"v":45,"d":"45.0"},{"v":100,"d":"100.0"},{"v":315,"d":"315.0"}]
["Bovinocultura leiteira","cabecas",12,{"v":1,"d":"1.0"},{"v":7.33,"d":"7.3"},{"v":30,"d":"30.0"},{"v":88,"d":"88.0"}]
["Bovinocultura mista","cabecas",18,{"v":5,"d":"5.0"},{"v":22.83,"d":"22.8"},{"v":72,"d":"72.0"},{"v":411,"d":"411.0"}]
["Equinocultura","cabecas",6,{"v":1,"d":"1.0"},{"v":4.17,"d":"4.2"},{"v":12,"d":"12.0"},{"v":25,"d":"25.0"}]
["Piscicultura","m2 tanques",1,{"v":32000,"d":"32,000.0"},{"v":32000,"d":"32,000.0"},{"v":32000,"d":"32,000.0"},{"v":32000,"d":"32,000.0"}]
["Suinocultura","cabecas",3,{"v":5,"d":"5.0"},{"v":17.67,"d":"17.7"},{"v":28,"d":"28.0"},{"v":53,"d":"53.0"}]
["Fonte: Secretaria de Agricultura e Abastecimento, CDRS/IEA, Projeto LUPA."]
[]
["TABELA 518.3 -  Máquinas, Implementos e Benfeitorias, Município de Santa Lúcia, Estado de São Paulo, 2016/17."]
["ITEM","UNIDADE","N.DE UPAs","MÍNIMO","MÉDIO","MÁXIMO","TOTAL"]
["Arado comum (bacia, aiveca)","unidade",19,{"v":1,"d":"1.0"},{"v":1.26,"d":"1.3"},{"v":3,"d":"3.0"},{"v":24,"d":"24.0"}]
["Arado escarificador","unidade",22,{"v":1,"d":"1.0"},{"v":1.23,"d":"1.2"},{"v":2,"d":"2.0"},{"v":27,"d":"27.0"}]
["Arado subsolador","unidade",13,{"v":1,"d":"1.0"},{"v":1.08,"d":"1.1"},{"v":2,"d":"2.0"},{"v":14,"d":"14.0"}]
["Batedeira de cereais","unidade",4,{"v":1,"d":"1.0"},{"v":1,"d":"1.0"},{"v":1,"d":"1.0"},{"v":4,"d":"4.0"}]
["Camara fria","unidade",1,{"v":2,"d":"2.0"},{"v":2,"d":"2.0"},{"v":2,"d":"2.0"},{"v":2,"d":"2.0"}]
["Carregadeira de cana","unidade",5,{"v":1,"d":"1.0"},1.6,{"v":4,"d":"4.0"},{"v":8,"d":"8.0"}]
["Colhedeira acoplada","unidade",2,{"v":1,"d":"1.0"},1.5,{"v":2,"d":"2.0"},{"v":3,"d":"3.0"}]
["Colhedeira automotriz","unidade",1,{"v":1,"d":"1.0"},{"v":1,"d":"1.0"},{"v":1,"d":"1.0"},{"v":1,"d":"1.0"}]
["Computador","unidade",5,{"v":1,"d":"1.0"},1.2,{"v":2,"d":"2.0"},{"v":6,"d":"6.0"}]
["Conj.irrigacao convencional","unidade",4,{"v":1,"d":"1.0"},{"v":1,"d":"1.0"},{"v":1,"d":"1.0"},{"v":4,"d":"4.0"}]
["Conj.irrigacao/gotejamento/microaspersao","unidade",5,{"v":1,"d":"1.0"},1.6,{"v":4,"d":"4.0"},{"v":8,"d":"8.0"}]
["Conjunto de fenacao","unidade",1,{"v":1,"d":"1.0"},{"v":1,"d":"1.0"},{"v":1,"d":"1.0"},{"v":1,"d":"1.0"}]
["Desintegrador, picador, triturador","unidade",15,{"v":1,"d":"1.0"},1.2,{"v":2,"d":"2.0"},{"v":18,"d":"18.0"}]
["Distribuidor de calcario","unidade",7,{"v":1,"d":"1.0"},{"v":1.14,"d":"1.1"},{"v":2,"d":"2.0"},{"v":8,"d":"8.0"}]
["Ensiladeira","unidade",1,{"v":1,"d":"1.0"},{"v":1,"d":"1.0"},{"v":1,"d":"1.0"},{"v":1,"d":"1.0"}]
["Grade aradora (tipo romi)","unidade",10,{"v":1,"d":"1.0"},1.2,{"v":3,"d":"3.0"},{"v":12,"d":"12.0"}]
["Grade niveladora","unidade",4,{"v":1,"d":"1.0"},{"v":1,"d":"1.0"},{"v":1,"d":"1.0"},{"v":4,"d":"4.0"}]
["Implementos para tracao animal","unidade",6,{"v":1,"d":"1.0"},{"v":1,"d":"1.0"},{"v":1,"d":"1.0"},{"v":6,"d":"6.0"}]
["Misturador de racao","unidade",4,{"v":1,"d":"1.0"},{"v":1.25,"d":"1.3"},{"v":2,"d":"2.0"},{"v":5,"d":"5.0"}]
["Ordenhadeira mecanica","unidade",1,{"v":1,"d":"1.0"},{"v":1,"d":"1.0"},{"v":1,"d":"1.0"},{"v":1,"d":"1.0"}]
["Pulverizador tratorizado","unidade",16,{"v":1,"d":"1.0"},{"v":1.44,"d":"1.4"},{"v":3,"d":"3.0"},{"v":23,"d":"23.0"}]
["Semeadeira/adubadeira para plantio convencional","unidade",3,{"v":1,"d":"1.0"},{"v":1,"d":"1.0"},{"v":1,"d":"1.0"},{"v":3,"d":"3.0"}]
["Semeadeira/plantadeira plantio direto","unidade",9,{"v":1,"d":"1.0"},{"v":1.44,"d":"1.4"},{"v":4,"d":"4.0"},{"v":13,"d":"13.0"}]
["Terraceador","unidade",2,{"v":1,"d":"1.0"},{"v":1,"d":"1.0"},{"v":1,"d":"1.0"},{"v":2,"d":"2.0"}]
["Trator de esteiras","unidade",4,{"v":1,"d":"1.0"},{"v":3.25,"d":"3.3"},{"v":10,"d":"10.0"},{"v":13,"d":"13.0"}]
["Trator de pneus  acima de 85 cv","unidade",7,{"v":1,"d":"1.0"},{"v":1.43,"d":"1.4"},{"v":3,"d":"3.0"},{"v":10,"d":"10.0"}]
["Trator de pneus até 65 cv","unidade",7,{"v":1,"d":"1.0"},{"v":1,"d":"1.0"},{"v":1,"d":"1.0"},{"v":7,"d":"7.0"}]
["Trator de pneus de 66 cv a 85 cv","unidade",27,{"v":1,"d":"1.0"},{"v":1.59,"d":"1.6"},{"v":7,"d":"7.0"},{"v":43,"d":"43.0"}]
["Acude/represa","unidade",15,{"v":1,"d":"1.0"},1.4,{"v":4,"d":"4.0"},{"v":21,"d":"21.0"}]
["Almoxarifado/oficina","unidade",13,{"v":1,"d":"1.0"},{"v":1,"d":"1.0"},{"v":1,"d":"1.0"},{"v":13,"d":"13.0"}]
["Armazem para graos ensacados","sacas",4]
["Balanca para bovinos","unidade",2,{"v":1,"d":"1.0"},{"v":1,"d":"1.0"},{"v":1,"d":"1.0"},{"v":2,"d":"2.0"}]
["Barracao para granja/avicultura","unidade",11,{"v":1,"d":"1.0"},{"v":1.27,"d":"1.3"},{"v":2,"d":"2.0"},{"v":14,"d":"14.0"}]
["Barracao/galpao/garagem","unidade",38,{"v":1,"d":"1.0"},{"v":1.42,"d":"1.4"},{"v":6,"d":"6.0"},{"v":54,"d":"54.0"}]
["Biodigestor","unidade",1,{"v":1,"d":"1.0"},{"v":1,"d":"1.0"},{"v":1,"d":"1.0"},{"v":1,"d":"1.0"}]
["Casa de moradia habitada","unidade",57,{"v":1,"d":"1.0"},2.6,{"v":25,"d":"25.0"},{"v":148,"d":"148.0"}]
["Casa de moradia total","unidade",61,{"v":1,"d":"1.0"},{"v":3.36,"d":"3.4"},{"v":30,"d":"30.0"},{"v":205,"d":"205.0"}]
["Curral/mangueira","unidade",27,{"v":1,"d":"1.0"},{"v":1.07,"d":"1.1"},{"v":2,"d":"2.0"},{"v":29,"d":"29.0"}]
["Deposito/tulha","unidade",13,{"v":1,"d":"1.0"},{"v":1.31,"d":"1.3"},{"v":3,"d":"3.0"},{"v":17,"d":"17.0"}]
["Estabulo","unidade",12,{"v":1,"d":"1.0"},{"v":1.17,"d":"1.2"},{"v":2,"d":"2.0"},{"v":14,"d":"14.0"}]
["Estacao/posto meteorologico","unidade",1,{"v":1,"d":"1.0"},{"v":1,"d":"1.0"},{"v":1,"d":"1.0"},{"v":1,"d":"1.0"}]
["Estufa/plasticultura","m2",2]
["Fabrica de racao","unidade",1,{"v":1,"d":"1.0"},{"v":1,"d":"1.0"},{"v":1,"d":"1.0"},{"v":1,"d":"1.0"}]
["Instalacoes para equinos","unidade",3,{"v":1,"d":"1.0"},{"v":3.33,"d":"3.3"},{"v":6,"d":"6.0"},{"v":10,"d":"10.0"}]
["Maquina de beneficio","unidade",3,{"v":1,"d":"1.0"},{"v":1,"d":"1.0"},{"v":1,"d":"1.0"},{"v":3,"d":"3.0"}]
["Packing house","unidade",1,{"v":1,"d":"1.0"},{"v":1,"d":"1.0"},{"v":1,"d":"1.0"},{"v":1,"d":"1.0"}]
["Pocilga","unidade",5,{"v":1,"d":"1.0"},{"v":1,"d":"1.0"},{"v":1,"d":"1.0"},{"v":5,"d":"5.0"}]
["Poco semi-artesiano","unidade",10,{"v":1,"d":"1.0"},1.1,{"v":2,"d":"2.0"},{"v":11,"d":"11.0"}]
["Secador de graos","unidade",2,{"v":1,"d":"1.0"},{"v":1,"d":"1.0"},{"v":1,"d":"1.0"},{"v":2,"d":"2.0"}]
["Silo para graos","ton",1]
["Terreiro","m2",6]
["Usina de acucar/destilaria","unidade",1,{"v":1,"d":"1.0"},{"v":1,"d":"1.0"},{"v":1,"d":"1.0"},{"v":1,"d":"1.0"}]
["Fonte: Secretaria de Agricultura e Abastecimento, CDRS/IEA, Projeto LUPA."]
[]
["TABELA 518.4 - Outras Estatísticas Agrícolas, Município de Santa Lúcia, Estado de São Paulo, 2016/17."]
["ITEM","Número de UPAs",null,"Percentual"]
["Faz Parte de Associação de Produtores",57,null,{"v":54.807692307692314,"d":"54.8"}]
["Faz Parte de Cooperativa de Produtores",60,null,{"v":57.69230769230769,"d":"57.7"}]
["Faz Parte do Sindicato de Produtores",34,null,{"v":32.69230769230769,"d":"32.7"}]
["Não utiliza assistência técnica ",38,null,{"v":36.53846153846154,"d":"36.5"}]
["Utiliza somente assistência técnica governamental ",11,null,{"v":10.576923076923077,"d":"10.6"}]
["Utiliza somente assistência técnica privada ",44,null,{"v":42.30769230769231,"d":"42.3"}]
["Utiliza assistência técnica tanto governamental quanto privada",11,null,{"v":10.576923076923077,"d":"10.6"}]
["Utiliza Crédito Rural",39,null,37.5]
["Utiliza Seguro Rural",4,null,{"v":3.8461538461538463,"d":"3.8"}]
["Utiliza Escrituração Agrícola",65,null,62.5]
["Acessa Internet p/ Fins na Agropecuária",28,null,{"v":26.923076923076923,"d":"26.9"}]
["Utiliza Computador nas Atividades Agropecuárias",38,null,{"v":36.53846153846153,"d":"36.5"}]
["Utiliza Energia Elétrica Para Uso na Atividade Agrícola",79,null,{"v":75.96153846153847,"d":"76.0"}]
["Utiliza Energia Alternativa",1,null,{"v":0.9615384615384616,"d":"1.0"}]
["Realiza Análise de Solo, quando necessário",49,null,{"v":47.11538461538461,"d":"47.1"}]
["Realiza Calagem",6,null,{"v":5.76923076923077,"d":"5.8"}]
["Utiliza Práticas de Conservação de Solo, quando necessário",90,null,{"v":86.53846153846153,"d":"86.5"}]
["Faz Adubação Mineral, quando necessário",71,null,{"v":68.26923076923076,"d":"68.3"}]
["Faz Adubação Orgânica, quando necessário",55,null,{"v":52.88461538461539,"d":"52.9"}]
["Faz Adubação Verde, quando necessário",19,null,{"v":18.269230769230766,"d":"18.3"}]
["Utiliza Manejo Integrado de Pragas (MIP)",11,null,{"v":10.576923076923077,"d":"10.6"}]
["Utiliza Hidroponia","-",null,"-"]
["Utiliza Cultivo em Estufa",2,null,{"v":1.9230769230769231,"d":"1.9"}]
["Utiliza Mudas Fiscalizadas",23,null,{"v":22.115384615384617,"d":"22.1"}]
["Utiliza Semente Melhorada",34,null,{"v":32.69230769230769,"d":"32.7"}]
["Faz Confinamento de Bovinos",5,null,{"v":4.807692307692308,"d":"4.8"}]
["Utiliza Pastejo Intensivo",12,null,{"v":11.538461538461538,"d":"11.5"}]
["Faz Inseminação Artificial",1,null,{"v":0.9615384615384616,"d":"1.0"}]
["Faz Mineralização do Rebanho",22,null,{"v":21.153846153846153,"d":"21.2"}]
["Faz Vermifugação do Rebanho",22,null,{"v":21.153846153846153,"d":"21.2"}]
["Possui Parceiros /Arrendatários na Exploração Animal",14,null,{"v":13.461538461538462,"d":"13.5"}]
["Existência de trabalhadores c/ deficiência na UPA","-",null,"-"]
["Esporte e lazer","-",null,"-"]
["Extração mineral",1,null,{"v":0.9615384615384616,"d":"1.0"}]
["Hotel Fazenda, Pousada ou SPA","-",null,"-"]
["Pesque-pague","-",null,"-"]
["Restaurante ou Lanchonete","-",null,"-"]
["Transformação artesanal","-",null,"-"]
["Turismo rural ou ecoturismo",1,null,{"v":0.9615384615384616,"d":"1.0"}]
["Outras atividades econômicas rurais",1,null,{"v":0.9615384615384616,"d":"1.0"}]
["Agroindústria","-",null,"-"]
["Proprietário sem instrução ou com instrução incompleta",3,null,{"v":2.884615384615385,"d":"2.9"}]
["Proprietário com antigo primário completo",23,null,{"v":22.115384615384617,"d":"22.1"}]
["Proprietário com 1° grau (ou antigo ginasial) completo",7,null,{"v":6.730769230769231,"d":"6.7"}]
["Proprietário com 2° grau (ou antigo colegial) completo",20,null,{"v":19.23076923076923,"d":"19.2"}]
["Proprietário com curso superior completo ",24,null,{"v":23.076923076923077,"d":"23.1"}]
["Pessoa Jurídica",27,null,{"v":25.96153846153846,"d":"26.0"}]
["Proprietário residente na própria UPA ",30,null,{"v":28.846153846153847,"d":"28.8"}]
["Fonte: Secretaria de Agricultura e Abastecimento, CDRS/IEA, Projeto LUPA."]
[]
["TABELA 518.5 - Área Cultivada, Município de Santa Lúcia, Estado de São Paulo, 2016/17."]
["CULTURA","N.DE UPAs","MÍNIMO","MÉDIO","MÁXIMO","TOTAL"]
["Cana-de-acucar finalidade industria",82,1.6,{"v":144.71,"d":"144.7"},981.2,{"v":11866,"d":"11,866.0"}]
["Braquiaria",32,0.8,{"v":9.52,"d":"9.5"},72.8,304.5]
["Cana-de-acucar outras finalidades",12,0.2,{"v":17.07,"d":"17.1"},{"v":80,"d":"80.0"},204.8]
["Coloniao",11,{"v":3,"d":"3.0"},{"v":16.32,"d":"16.3"},{"v":50,"d":"50.0"},179.5]
["Outras gramineas para pastagem",1,122.6,122.6,122.6,122.6]
["Cafe",1,{"v":100,"d":"100.0"},{"v":100,"d":"100.0"},{"v":100,"d":"100.0"},{"v":100,"d":"100.0"}]
["Soja",1,{"v":100,"d":"100.0"},{"v":100,"d":"100.0"},{"v":100,"d":"100.0"},{"v":100,"d":"100.0"}]
["Milho safra",5,{"v":3,"d":"3.0"},{"v":16,"d":"16.0"},{"v":50,"d":"50.0"},{"v":80,"d":"80.0"}]
["Eucalipto",8,{"v":1,"d":"1.0"},{"v":7.94,"d":"7.9"},25.6,63.5]
["Capim-napier (ou capim-elefante)",2,{"v":1,"d":"1.0"},{"v":22,"d":"22.0"},{"v":43,"d":"43.0"},{"v":44,"d":"44.0"}]
["Capim-jaragua",1,{"v":44,"d":"44.0"},{"v":44,"d":"44.0"},{"v":44,"d":"44.0"},{"v":44,"d":"44.0"}]
["Laranja Industria",1,{"v":28,"d":"28.0"},{"v":28,"d":"28.0"},{"v":28,"d":"28.0"},{"v":28,"d":"28.0"}]
["Seringueira",1,8.8,8.8,8.8,8.8]
["Chuchu",1,6.1,6.1,6.1,6.1]
["Laranja destino misto",2,1.5,{"v":2.75,"d":"2.8"},{"v":4,"d":"4.0"},5.5]
["Berinjela",1,{"v":5,"d":"5.0"},{"v":5,"d":"5.0"},{"v":5,"d":"5.0"},{"v":5,"d":"5.0"}]
["Pupunha",1,{"v":5,"d":"5.0"},{"v":5,"d":"5.0"},{"v":5,"d":"5.0"},{"v":5,"d":"5.0"}]
["Mandioca",1,{"v":3,"d":"3.0"},{"v":3,"d":"3.0"},{"v":3,"d":"3.0"},{"v":3,"d":"3.0"}]
["Brocolos (ou brocolis)",1,2.5,2.5,2.5,2.5]
["Abacate",1,{"v":2,"d":"2.0"},{"v":2,"d":"2.0"},{"v":2,"d":"2.0"},{"v":2,"d":"2.0"}]
["Outras olericolas",2,0.5,{"v":1,"d":"1.0"},1.5,{"v":2,"d":"2.0"}]
["Maracuja",1,{"v":2,"d":"2.0"},{"v":2,"d":"2.0"},{"v":2,"d":"2.0"},{"v":2,"d":"2.0"}]
["Anona (fruta-do-conde, ou pinha, ou atemoia)",1,{"v":2,"d":"2.0"},{"v":2,"d":"2.0"},{"v":2,"d":"2.0"},{"v":2,"d":"2.0"}]
["Pomar domestico",1,{"v":1,"d":"1.0"},{"v":1,"d":"1.0"},{"v":1,"d":"1.0"},{"v":1,"d":"1.0"}]
["Outras frutiferas",1,{"v":1,"d":"1.0"},{"v":1,"d":"1.0"},{"v":1,"d":"1.0"},{"v":1,"d":"1.0"}]
["Manga",1,{"v":1,"d":"1.0"},{"v":1,"d":"1.0"},{"v":1,"d":"1.0"},{"v":1,"d":"1.0"}]
["Floricultura para corte",1,0.5,0.5,0.5,0.5]
["Pepino",1,0.3,0.3,0.3,0.3]
["Tomate envarado",1,0.3,0.3,0.3,0.3]
["Fonte: Secretaria de Agricultura e Abastecimento, CDRS/IEA, Projeto LUPA."]